Móra Ferenc emlékünnepély Félegyházán [rövid hír] /

Elmentve itt :
Bibliográfiai részletek
Szerző: Sík Sándor
Dokumentumtípus: Cikk
Megjelent: 1935-02-05
Sorozat:Délmagyarország 11 No. 29
Kulcsszavak:Móra Ferenc, Előadás, Kiskunfélegyháza
Online Access:http://dmarchiv.bibl.u-szeged.hu/32695
LEADER 00506nab a2200157 i 4500
001 delm32695
005 20180927105635.0
008 180927s1935 hu o 0|| hun d
040 |a SZTE Délmagyarország Archívum  |b hun 
041 |a hun 
100 1 |a Sík Sándor 
245 1 0 |a Móra Ferenc emlékünnepély Félegyházán   |h [elektronikus dokumentum] :  |b [rövid hír] /  |c  Sík Sándor 
260 |c 1935-02-05 
300 |a 7 
490 0 |a Délmagyarország  |v 11 No. 29 
695 |a Móra Ferenc, Előadás, Kiskunfélegyháza